Historia universal de la literatura : el mundo espiritual de la antigüedad y de la edad media /

Historia de la literatura mundial desde sus orígenes a nuestros días. Este primer tomo aborda los inicios de la literatura occidental con los griegos hasta la Edad Media. Esta obra es una traducción del alemán de la publicada originalmente en 1954 por la Stauffacher Verlag de Zürich, Alemania.

Na minha lista:
Detalhes bibliográficos
Autor principal: Tunk, Eduard von (autor)
Formato: Livro
Idioma:espanhol
Publicado em: Madrid, España : Revista de Occidente, 1962, c1962
Assuntos:
Tags: Adicionar Tag
Sem tags, seja o primeiro a adicionar uma tag!

MARC

LEADER 00000nam^a2200000^a^4500
001 000127948
005 20250521000000.0
009 20260310094819.862
037 |a Acervo ITESO - Biblioteca 
041 |a ESP 
082 |a 809.  |b TUN V. 1 
100 |a Tunk, Eduard von  |e (autor) 
240 1 1 |a [Historia universal de la literatura] 
245 1 0 |a Historia universal de la literatura :  |b el mundo espiritual de la antigüedad y de la edad media /  |c E. von Tunk ; tr. por Dolores Sánchez de Aleu. 
264 4 |a Madrid, España :  |b Revista de Occidente,  |c 1962, c1962 
300 |a 401 p. 
336 |a texto  |b txt  |2 rdacontenido 
337 |a sin mediación  |b n  |2 rdamedio 
338 |a volumen  |b nc  |2 rdasoporte 
520 |a Historia de la literatura mundial desde sus orígenes a nuestros días. Este primer tomo aborda los inicios de la literatura occidental con los griegos hasta la Edad Media. Esta obra es una traducción del alemán de la publicada originalmente en 1954 por la Stauffacher Verlag de Zürich, Alemania. 
649 |a XX 
650 |a Literatura Clásica 
650 |a Literatura Medieval 
650 |a Literatura -  |x Historia y Crítica 
910 |a Fondo Salvador Reynoso Reynoso 
920 |a Impresos - Libros 
930 |a Fondos Especiales 
940 |a Literatura 
905 |a 112 
901 |a 0800009794  |b IT2  |c ESP  |u 20250521 
902 |a https://opac.biblio.iteso.mx/vufind/Record/000127948